Statistics for WWE Raw Roster

Click here to take the quiz!

General Stats

  • This quiz has been taken 47 times
    (34 since last reset)
  • The average score is 22 of 47

Answer Stats

HintAnswer% Correct
Seth Rollins
97%
Bobby Lashley
72%
Edge
72%
Randy Orton
72%
Rey Mysterio
69%
RawAJ Styles
66%
Kevin Owens
66%
Omos
66%
Riddle
66%
The Miz
66%
Brock Lesnar
62%
Damian Priest
62%
Finn Balor
62%
Becky Lynch
59%
Dominik Mysterio
59%
Otis
59%
Rhea Ripley
59%
Bianca Belair
52%
Chad Gable
52%
Dolph Ziggler
48%
MVP
48%
Theory
48%
Alexa Bliss
45%
Dana Brooke
45%
Montez Ford
45%
Shelton Benjamin
45%
Akira Tozawa
41%
Angelo Dawkins
41%
Liv Morgan
41%
R-Truth
41%
Cody Rhodes
38%
Tamina
38%
Carmella
34%
Cedric Alexander
34%
Robert Roode
34%
Doudrop
31%
Nikki A.S.H
31%
Sonya Deville
31%
Apollo Crews
28%
Veer
28%
Ezekiel
24%
T-BAR
24%
Reggie
21%
Tommaso Ciampa
21%
Commander Azeez
14%
Queen Zelina
7%
Gable Steveson
0%

Score Distribution

Percentile by Number Answered

Percent of People with Each Score

Your Score History

You have not taken this quiz since the last reset